| 000 | 00764nam a22002055a 4500 | ||
|---|---|---|---|
| 003 | OSt | ||
| 005 | 20170322112214.0 | ||
| 008 | 170313n200? ua frb 000 0 ara d | ||
| 040 |
_aEG-ScBUE _bara _cEG-ScBUE |
||
| 082 | 0 | 4 |
_222 _bع ب ي _a345 |
| 100 | 1 | _aعبيد، حسنين إبراهيم صالح. | |
| 245 | 1 | 2 |
_aالوجيز في علم الإجرام والعقاب / _cحسنين إبراهيم صالح عبيد. |
| 260 |
_aالقاهرة : _bدار النهضة العربية، _c[?200] |
||
| 300 |
_a366 ص. ؛ _c24 سم. |
||
| 504 | _aيشتمل على إرجاعات ببليوجرافية. | ||
| 650 | 7 |
_2BUEsh _aقانون العقوبات. _941137 |
|
| 650 | 0 |
_2BUEsh _aعلم الإجرام. _941142 |
|
| 653 |
_bLLAAWW _cMarch2017 |
||
| 942 | _2ddc | ||
| 999 |
_c24507 _d24479 |
||